Нормален изглед
MARC изглед
- Trоtschel, Elfriede
Вход 01. Лично име
001 - Контролен номер на записа
- Контролно поле: 493986
003 - Код на организацията, даваща контролен номер
- Контролно поле: BLK
005 - Дата и час на последна промяна на записа
- Контролно поле: 20240809150549.0
008 - Данни с фиксирана дължина – обща информация
- Данни с фиксирана дължина : 240809|| aca||aabn | a|a d
100 ## - ИМЕ НА ЛИЦЕ -ПЪРВИЧНА ИНТЕЛЕКТУАЛНА ОТГОВОРНОСТ
- Лично име: Trоtschel, Elfriede
- Дати, свързани с автора: 1913 - 1958
372 ## - Сфера на дейност
- Сфера на дейност: Немска оперна певица, сопран
942 ## - Системна служебна употреба
- Koha auth type: PERSO_NAME